[Event "GER-ch Net blitz qual5"]
[Site "Playchess.com INT"]
[Date "2020.03.28"]
[Round "12"]
[White "Altenbernd, Jannis Domenik"]
[Black "Junge, Kai"]
[Result "0-1"]
[WhiteElo "2011"]
[BlackElo "2184"]
[PlyCount "120"]
[EventDate "2020.03.28"]
[EventType "swiss (blitz)"]
[EventRounds "13"]
[EventCountry "GER"]
[SourceTitle "CBM 195 Extra"]
[Source "ChessBase"]
[SourceDate "2020.05.31"]
[SourceVersion "1"]
[SourceVersionDate "2020.05.31"]
[SourceQuality "1"]

1. d4 Nf6 2. c4 g6 3. Nc3 Bg7 4. e4 d6 5. f3 0-0 6. Bg5 Nbd7 7. Nh3 c5 8. d5 a6 9. Nf2 b5 10. cxb5 axb5 11. Bxb5 Ba6 12. Bxa6 Rxa6 13. 0-0 Qb6 14. Rb1 h6 15. Be3 Qb7 16. Qd2 Kh7 17. b3 Ne8 18. Na4 Nc7 19. f4 Rb8 20. Rbc1 Nb5 21. Nd3 Nd4 22. f5 Ne5 23. fxg6+ fxg6 24. Nxe5 Bxe5 25. Bxh6 Bf6 26. Be3 Qb4 27. Qxb4 Rxb4 28. Rf2 Rb8 29. Rc4 Kg7 30. Kf1 Raa8 31. Bxd4 Bxd4 32. Rf3 Be5 33. h3 Rb4 34. Rxb4 cxb4 35. Ke2 Rc8 36. Kd2 Bf6 37. Rf1 Bg5+ 38. Kd3 Bf6 39. Nb6 Rc3+ 40. Kd2 Bg5+ 41. Ke2 Rc2+ 42. Kf3 Rxa2 43. Rb1 Bf6 44. Nd7 Bd4 45. Nb8 Rf2+ 46. Kg4 Re2 47. Kf3 Re3+ 48. Kg4 Rxe4+ 49. Kf3 Re3+ 50. Kg4 Bc3 51. Nc6 Rd3 52. Nxe7 Kf6 53. Nc6 Rxd5 54. Rf1+ Kg7 55. Nd8 Bf6 56. Nb7 Rd3 57. Rb1 Be5 58. Na5 Rg3+ 59. Kh4 Kh6 60. Nc6 g5# 0-1

[Event "GER-ch Net blitz qual3"]
[Site "Playchess.com INT"]
[Date "2020.03.21"]
[Round "6"]
[White "Altenbernd, Jannis Domenik"]
[Black "Baum, Bernhard"]
[Result "1-0"]
[WhiteElo "2011"]
[BlackElo "1642"]
[PlyCount "145"]
[EventDate "2020.03.21"]
[EventType "swiss (blitz)"]
[EventRounds "9"]
[EventCountry "GER"]
[SourceTitle "CBM 195 Extra"]
[Source "ChessBase"]
[SourceDate "2020.05.31"]
[SourceVersion "1"]
[SourceVersionDate "2020.05.31"]
[SourceQuality "1"]

1. d4 d5 2. c4 c6 3. Nc3 e6 4. Nf3 f5 5. g3 Nf6 6. Bg2 Be7 7. Ne5 0-0 8. 0-0 Ne4 9. f3 Nxc3 10. bxc3 Nd7 11. Nxd7 Bxd7 12. cxd5 exd5 13. e4 fxe4 14. fxe4 dxe4 15. Bxe4 Qc7 16. Bf4 Bd6 17. Qh5 g6 18. Bxg6 Be8 19. Qxh7+ Qxh7 20. Bxh7+ Kxh7 21. Bxd6 Rf7 22. Rae1 Rxf1+ 23. Kxf1 Bf7 24. Re7 Kg6 25. a3 b5 26. h4 Bc4+ 27. Kg2 Bd5+ 28. Kh3 Rf8 29. Re3 Rf1 30. Kg4 a5 31. h5+ Kf6 32. Be5+ Kf7 33. Bf4 Be6+ 34. Kg5 Ra1 35. Bd6 Rh1 36. Rf3+ Kg7 37. Be5+ Kh7 38. Rf6 Bd5 39. Rh6+ Kg8 40. Rh8+ Kf7 41. h6 Be6 42. Rh7+ Kg8 43. Rg7+ Kf8 44. h7 Bf7 45. Rxf7+ Kxf7 46. h8Q Rxh8 47. Bxh8 Ke6 48. Kf4 Kd5 49. Ke3 Kc4 50. Kd2 Kb3 51. g4 Kxa3 52. g5 Kb2 53. Be5 a4 54. Bd6 a3 55. Bxa3+ Kxa3 56. g6 b4 57. cxb4 Kxb4 58. g7 Kc4 59. Ke3 c5 60. dxc5 Kxc5 61. g8Q Kd6 62. Qf7 Kc5 63. Ke4 Kd6 64. Qe8 Kc5 65. Qd7 Kb6 66. Qc8 Kb5 67. Kd4 Kb6 68. Kd5 Ka7 69. Qc2 Kb6 70. Qc4 Kb7 71. Kd6 Kb6 72. Qb4+ Ka7 73. Kc7 1-0

[Event "Heusenstamm Sparkassen op-A 5th"]
[Site "Heusenstamm"]
[Date "2018.11.25"]
[Round "7"]
[White "Schloessner, Henrik"]
[Black "Altenbernd, Jannis Domenik"]
[Result "1-0"]
[WhiteElo "2088"]
[BlackElo "1990"]
[PlyCount "161"]
[EventDate "2018.11.22"]
[EventType "swiss"]
[EventRounds "7"]
[EventCountry "GER"]
[SourceTitle "CBM 188 Extra"]
[Source "ChessBase"]
[SourceDate "2019.02.28"]
[SourceVersion "1"]
[SourceVersionDate "2019.02.28"]
[SourceQuality "1"]

1. e4 c5 2. Nf3 d6 3. d4 cxd4 4. Nxd4 Nf6 5. Nc3 a6 6. Bg5 Nbd7 7. f4 Qc7 8. Qf3 e6 9. 0-0-0 Be7 10. g4 Rb8 11. Bxf6 Nxf6 12. g5 Nd7 13. Bh3 Nb6 14. f5 e5 15. Ne6 Bxe6 16. fxe6 Bxg5+ 17. Kb1 f6 18. Rhg1 Rc8 19. Rg2 Qe7 20. Rf1 Rc7 21. Qf2 Rxc3 22. bxc3 Nc4 23. Rxg5 fxg5 24. Kc1 Rf8 25. Qa7 Rxf1+ 26. Bxf1 Qxe6 27. Qb8+ Kf7 28. Qc7+ Kg6 29. Bxc4 Qf6 30. Qxb7 Qf4+ 31. Kb2 Qxh2 32. Qxa6 Qd2 33. Bd5 Qf4 34. Qxd6+ Kh5 35. Qd7 Qf6 36. Qh3+ Kg6 37. Be6 h5 38. a4 Qf4 39. a5 g4 40. Qg2 Kf6 41. Bc8 Kg5 42. Qe2 Qf8 43. Bb7 g3 44. Ba6 Qc5 45. Qd2+ Kh4 46. Qd8+ g5 47. Bf1 Qf2 48. Qd3 g2 49. Bxg2 Qxg2 50. a6 Qf2 51. Qb5 g4 52. Qb7 g3 53. a7 g2 54. Qe7+ Kh3 55. Qe6+ Kh4 56. a8Q g1Q 57. Qd8+ Qg5 58. Qxg5+ Kxg5 59. Qxe5+ Kg4 60. Qe6+ Kg5 61. e5 Qf8 62. Kb3 h4 63. Kc4 Qf1+ 64. Kd5 h3 65. Qg8+ Kh4 66. Qh7+ Kg3 67. Qg6+ Kf2 68. Qf5+ Kg1 69. Qg4+ Kf2 70. e6 h2 71. Qh4+ Kg1 72. Qg3+ Qg2+ 73. Qxg2+ Kxg2 74. e7 h1Q 75. e8Q Qd1+ 76. Kc4 Qxc2 77. Qg8+ Kf2 78. Qf7+ Ke3 79. Qe6+ Kd2 80. Qh6+ Kd1 81. Qh1+ 1-0

[Event "Heusenstamm Sparkassen op-A 4th"]
[Site "Heusenstamm"]
[Date "2017.11.24"]
[Round "2"]
[White "Altenbernd, Jannis Domenik"]
[Black "Lagunow, Raphael"]
[Result "1/2-1/2"]
[WhiteElo "1958"]
[BlackElo "2385"]
[PlyCount "116"]
[EventDate "2017.11.23"]
[EventType "swiss"]
[EventRounds "7"]
[EventCountry "GER"]
[SourceTitle "EXT 2019"]
[Source "ChessBase"]
[SourceDate "2018.10.10"]
[SourceVersion "1"]
[SourceVersionDate "2018.10.10"]
[SourceQuality "1"]

1. d4 d5 2. c4 c6 3. Nf3 Nf6 4. Qc2 g6 5. e3 Bf5 6. Bd3 Bxd3 7. Qxd3 Bg7 8. Nbd2 0-0 9. 0-0 c5 10. b3 cxd4 11. exd4 Nc6 12. Bb2 Rc8 13. a3 Re8 14. Rfe1 a5 15. Rac1 Bh6 16. Rc2 Qd7 17. Ne5 Qf5 18. Qxf5 gxf5 19. f3 e6 20. Nxc6 bxc6 21. Bc3 Ra8 22. c5 Reb8 23. Rb1 Nd7 24. Nf1 f6 25. Kf2 f4 26. g3 e5 27. gxf4 Bxf4 28. Ng3 Bxg3+ 29. hxg3 Kf7 30. Re2 Re8 31. Rh1 Kg6 32. Rhe1 Rab8 33. b4 axb4 34. axb4 Kf7 35. dxe5 fxe5 36. Bxe5 Nxe5 37. Rxe5 Rxe5 38. Rxe5 Rxb4 39. Rh5 Rc4 40. Rxh7+ Kg6 41. Rd7 Rxc5 42. g4 Kf6 43. Ke3 Rc3+ 44. Kd4 Rc4+ 45. Ke3 Ke6 46. Rd8 c5 47. Re8+ Kd7 48. Rh8 Rc1 49. Rh7+ Kc6 50. Rh6+ Kb5 51. g5 c4 52. Rh8 Rg1 53. f4 Kb4 54. Rd8 c3 55. Rc8 Re1+ 56. Kd4 Re4+ 57. Kxd5 Rxf4 58. Ke5 Rc4 1/2-1/2

[Event "Paderborn op 12th"]
[Site "Paderborn"]
[Date "2015.12.27"]
[Round "1"]
[White "Altenbernd, Jannis Domenik"]
[Black "Braun, Christian1"]
[Result "0-1"]
[WhiteElo "2006"]
[BlackElo "2393"]
[PlyCount "184"]
[EventDate "2015.12.27"]
[EventType "swiss"]
[EventRounds "7"]
[EventCountry "GER"]
[SourceTitle "CBM 170 Extra"]
[Source "ChessBase"]
[SourceDate "2016.02.25"]
[SourceVersion "1"]
[SourceVersionDate "2016.02.25"]
[SourceQuality "1"]

1. d4 g6 2. c4 Bg7 3. e4 d6 4. Nf3 e5 5. dxe5 dxe5 6. Qxd8+ Kxd8 7. Nc3 c6 8. Be3 f6 9. 0-0-0+ Ke8 10. Be2 Bh6 11. Bxh6 Nxh6 12. Ne1 Be6 13. f3 Nd7 14. b3 Ke7 15. Nd3 Nf7 16. Rd2 Rhd8 17. Rhd1 Nf8 18. g3 Bc8 19. Nb4 Rxd2 20. Rxd2 Ne6 21. Nc2 f5 22. h4 Ng7 23. Ne3 f4 24. gxf4 exf4 25. Ng2 Nh5 26. Na4 Ne5 27. Nc5 b6 28. Nd3 Nxd3+ 29. Rxd3 Bh3 30. Ne1 Ng3 31. Rd2 c5 32. Kd1 h6 33. Nd3 g5 34. hxg5 hxg5 35. b4 Be6 36. Rc2 cxb4 37. Nxb4 Rh8 38. Nd5+ Kd6 39. Bd3 Kc5 40. Rd2 Rh1+ 41. Kc2 Nf1 42. Bxf1 Rxf1 43. Rg2 Rxf3 44. Rxg5 Kd4 45. Rg7 Kxc4 46. Rxa7 Rf2+ 47. Kd1 Bg4+ 48. Ke1 Re2+ 49. Kf1 f3 50. Rf7 Kd4 51. Nxb6 Bh3+ 52. Kg1 Rg2+ 53. Kh1 Rb2 54. Kg1 Rxb6 55. Rxf3 Be6 56. Ra3 Kxe4 57. Kf2 Rb2+ 58. Kg3 Bxa2 59. Ra4+ Ke5 60. Kf3 Bd5+ 61. Ke3 Rb3+ 62. Kd2 Rh3 63. Rb4 Be4 64. Ra4 Kf4 65. Rb4 Rd3+ 66. Ke2 Rc3 67. Rb2 Rh3 68. Kd2 Rg3 69. Rb4 Rg2+ 70. Kc3 Ke3 71. Rb2 Rg1 72. Kc4 Rc1+ 73. Kb4 Kd4 74. Kb5 Bd5 75. Rd2+ Ke5 76. Rh2 Kd6 77. Rh6+ Be6 78. Kb4 Rc4+ 79. Kb5 Rc3 80. Rh4 Ra3 81. Rd4+ Bd5 82. Rd2 Rb3+ 83. Ka4 Rb1 84. Rd3 Kc5 85. Rg3 Bc4 86. Rg5+ Kd4 87. Rg4+ Kc3 88. Rg3+ Bd3 89. Ka5 Rb5+ 90. Ka4 Rh5 91. Rf3 Rh6 92. Rh3 Kd4 0-1

[Event "Enger Knappen Cup op-B"]
[Site "Enger"]
[Date "2009.12.29"]
[Round "5"]
[White "Hasenberg, Udo"]
[Black "Altenbernd, Jannis Domenik"]
[Result "1-0"]
[WhiteElo "1782"]
[BlackElo "1836"]
[PlyCount "69"]
[EventDate "2009.12.27"]
[EventType "swiss"]
[EventRounds "7"]
[EventCountry "GER"]
[SourceTitle "EXT 2011"]
[Source "ChessBase"]
[SourceDate "2010.11.26"]
[SourceVersion "1"]
[SourceVersionDate "2010.11.26"]
[SourceQuality "1"]

1. e4 g6 2. d4 Bg7 3. Bc4 d6 4. c3 Nf6 5. Qe2 0-0 6. Bg5 c6 7. Bb3 e5 8. dxe5 dxe5 9. Nf3 Bg4 10. Nbd2 Nbd7 11. Rd1 Qc7 12. 0-0 h6 13. Be3 Nh5 14. h3 Nf4 15. Qe1 Nd3 16. Qe2 Nf4 17. Bxf4 Bxf3 18. Qxf3 exf4 19. Qg4 g5 20. Nc4 Rad8 21. Qf5 b5 22. Nd2 Ne5 23. Nf3 Nxf3+ 24. gxf3 Qe7 25. e5 Bxe5 26. Rde1 Rde8 27. Qg6+ Kh8 28. Qxh6+ Kg8 29. Qxc6 Rb8 30. Qg6+ Kh8 31. Qh6+ Kg8 32. Bc2 Rfe8 33. Bh7+ Kh8 34. Rxe5 Qxe5 35. Bg6+ 1-0